| 000 | 00428nam a2200169Ia 4500 | ||
|---|---|---|---|
| 008 | 180921t2019 xxu||||| |||| 00| 1 sin d | ||
| 041 | _asin | ||
| 080 |
_aX8C31 _bKAR |
||
| 100 | _aKarunathilaka, Sarojini | ||
| 245 | _aවීදුරු හීන | ||
| 246 | _aWeeduru Heena | ||
| 260 |
_bThara Prakashana _aRagama _c2019 |
||
| 300 | _a284p., 21cm | ||
| 942 | _cBK | ||
| 999 |
_c8896 _d8896 |
||
| 003 | LK-CoDNM | ||
| 040 |
_aLK-CoDNM _dLK-CoDNM _eLK-CoDNM |
||